000 00216 a2200097 4500
001 2039
100 _aBeeler, N F
245 _aExperiments with aircraft instruments.
260 _a
_bThomas Y
_c
090 _c1508
_d1508
942 _aNUST-CAE
_cM
_c5647
999 _c237112
_d237112